000 01063nam0a22002411 4500
001 rc\379696
005 20260406184340.0
035 _a(NLR Aleph) 005611265
090 _a6415864
_c6415864
100 _a20030307d1989 |||y0rusy50 ca
101 0 _arus
102 _aRU
105 _ay |||||||||
200 1 _aПРЕДПРИЯТИЕ (объединение) - субъект социалистического хозяйствования
_e[Сб. ст.]
_fАкад. обществ. наук при ЦК КПСС. Каф. полит. экономии
_g[Редкол.: Булатов А.Е., д. э. н., проф. (отв. ред.) и др.]
210 _aМ.
_cАОН
_d1989
215 _a166 с.
_d20
702 1 _aБулатов
_bА.Е.
_gАлексей Ефимович
_4340
712 0 2 _aАкадемия общественных наук
_cМосква
_bКафедра политической экономии
_3RU\NLR\AUTH\889949711
_9395107
801 0 _aRU
_bNLR
_gpsbo
801 1 _aRU
_bELAR
_2rusmarc
852 _aNLR
_j90-3/2998
942 _cBOOK
980 _aNB